L'homme qui rit
Պահպանված է:
| Հիմնական հեղինակ: | |
|---|---|
| Ձևաչափ: | Գիրք |
| Լեզու: | Undetermined |
| Հրապարակվել է: |
París, Francia
Nelson Editeurs
1952
|
| Խորագրեր: | |
| Ցուցիչներ: |
Ավելացրեք ցուցիչ
Չկան պիտակներ, Եղեք առաջինը, ով նշում է այս գրառումը!
|
MARC
| LEADER | 00000nam a2200000Ia 4500 | ||
|---|---|---|---|
| 008 | 170316s9999 xx 000 0 und d | ||
| 040 | |a cru BVZT | ||
| 090 | |a 840 H-2h v.1 | ||
| 100 | |a Hugo, Víctor Marie, Comte | ||
| 245 | |a L'homme qui rit | ||
| 260 | |a París, Francia | ||
| 260 | |b Nelson Editeurs | ||
| 260 | |c 1952 | ||
| 300 | |a 425 páginas | ||
| 650 | |a LITERATURA FRANCESA | ||
| 999 | |c 7737 |d 7737 | ||
| 942 | |c 15 D |h 840 H-2h v.1 |2 z | ||
